| 000 | 00428nam a2200169Ia 4500 | ||
|---|---|---|---|
| 005 | 20250423100002.0 | ||
| 008 | 250422s9999 xx 000 0 und d | ||
| 020 | _a9781483373256 | ||
| 050 | _aLB 2806. N64/ | ||
| 245 | 0 | _aLeardership case studies in education | |
| 260 | _aLondon | ||
| 260 | _bLos Angeles | ||
| 260 | _c2016 | ||
| 300 | _a174 p | ||
| 650 | _aLeardership case studies Educational Leadership | ||
| 942 | _cBK | ||
| 999 |
_c31938 _d31938 |
||